[Event "21st World Senior Chess Championship"]
[Site "Rijeka"]
[Date "2011.11.22"]
[Round "7.25"]
[White "Trofimov, Sergey"]
[Black "Straub, Peter"]
[Result "1-0"]
[WhiteElo "2408"]
[BlackElo "2168"]
[PlyCount "59"]
[EventDate "2011.11.22"]

1. d4 d5 2. Nf3 Nf6 3. c4 e6 4. e3 Bb4+ 5. Nbd2 dxc4 6. Bxc4 O-O 7. a3 Be7 8.
O-O c5 9. dxc5 Bxc5 10. b4 Be7 11. e4 a6 12. e5 b5 13. Bb3 Nd5 14. Ne4 Bb7 15.
Qe2 Nd7 16. Rd1 Qc7 17. Bb2 Nf4 18. Qe3 Nd5 19. Qd3 Rac8 20. Rac1 Qb8 21. Neg5
g6 22. Qd4 Rfd8 23. Rxc8 Rxc8 24. h4 N7b6 25. h5 Bf8 26. hxg6 hxg6 27. Qh4 Bg7
28. Qh7+ Kf8 29. Nxf7 Nf4 30. Nh6 1-0

[Event "21st World Senior Chess Championship"]
[Site "Rijeka"]
[Date "2011.11.22"]
[Round "7.26"]
[White "Grabow, Pouelsten Holm"]
[Black "Sorensen, Bent"]
[Result "1/2-1/2"]
[WhiteElo "2181"]
[BlackElo "2321"]
[PlyCount "33"]
[EventDate "2011.11.22"]

1. d4 d5 2. c4 e6 3. Nc3 c6 4. b3 Nd7 5. e3 Ngf6 6. Bd3 Bd6 7. Nf3 O-O 8. O-O
e5 9. cxd5 cxd5 10. Nb5 Bb8 11. dxe5 Nxe5 12. Be2 Nxf3+ 13. Bxf3 a6 14. Nd4 Qd6
15. g3 Bh3 16. Re1 Bc7 17. Qd3 1/2-1/2

[Event "21st World Senior Chess Championship"]
[Site "Rijeka"]
[Date "2011.11.22"]
[Round "7.27"]
[White "Vikulov, Alexander"]
[Black "Welz, Peter Dr"]
[Result "1-0"]
[WhiteElo "2321"]
[BlackElo "2164"]
[PlyCount "71"]
[EventDate "2011.11.22"]

1. d4 f5 2. g3 Nf6 3. Bg2 g6 4. Nh3 d6 5. Nc3 Bg7 6. d5 c6 7. Nf4 cxd5 8. Ncxd5
Nc6 9. O-O O-O 10. Nxf6+ Rxf6 11. c3 e5 12. Qb3+ Kh8 13. Nd5 Rf8 14. e4 Rb8 15.
Be3 Be6 16. Qa3 Ra8 17. Rad1 Rf7 18. Rd2 Qf8 19. exf5 gxf5 20. f4 e4 21. Rfd1
b6 22. Bf1 Rd8 23. Bb5 Nb8 24. Bc4 Qe8 25. Qb3 Bxd5 26. Rxd5 Rf6 27. Bd4 Rg6
28. Bxg7+ Kxg7 29. Rxf5 e3 30. Rf7+ Kh6 31. Be2 d5 32. Rxd5 Qxf7 33. Rh5+ Kg7
34. Rxh7+ Kxh7 35. Qxf7+ Kh6 36. g4 1-0

[Event "21st World Senior Chess Championship"]
[Site "Rijeka"]
[Date "2011.11.22"]
[Round "7.28"]
[White "Zoltek, Tadeusz"]
[Black "Rujevic, Mirko"]
[Result "1/2-1/2"]
[WhiteElo "2161"]
[BlackElo "2302"]
[PlyCount "95"]
[EventDate "2011.11.22"]

1. c4 c5 2. Nf3 Nc6 3. e3 e6 4. d4 d5 5. Nc3 Nf6 6. a3 dxc4 7. Bxc4 a6 8. O-O
b5 9. Ba2 Be7 10. dxc5 Qxd1 11. Rxd1 Bxc5 12. b4 Be7 13. Bb2 O-O 14. Rac1 Bb7
15. Bb1 Rfd8 16. h3 Rxd1+ 17. Rxd1 Rd8 18. Rxd8+ Bxd8 19. Kf1 Bc7 20. Ke2 Ne7
21. g3 Ned5 22. Nxd5 Nxd5 23. Nd2 Nb6 24. Bd4 h6 25. Bd3 e5 26. Bxb6 Bxb6 27.
Ne4 Kf8 28. Nd6 Bc6 29. Kd2 Bc7 30. Ne4 a5 31. Nc3 axb4 32. axb4 Bd6 33. Bxb5
Bg2 34. h4 Bxb4 35. Kc2 Ke7 36. Bc4 f5 37. Nd5+ Bxd5 38. Bxd5 Be1 39. f3 h5 40.
g4 fxg4 41. fxg4 hxg4 42. Kd1 Bxh4 43. Ke2 Kf6 44. Kf1 Kf5 45. e4+ Kf4 46. Kg2
Bd8 47. Bc6 Bb6 48. Bd5 1/2-1/2

[Event "21st World Senior Chess Championship"]
[Site "Rijeka"]
[Date "2011.11.22"]
[Round "7.29"]
[White "Gruzmann, Boris"]
[Black "Ciuro Munoz, Ricardo"]
[Result "1/2-1/2"]
[WhiteElo "2268"]
[BlackElo "2154"]
[PlyCount "65"]
[EventDate "2011.11.22"]

1. e4 e6 2. d4 d5 3. e5 c5 4. c3 Qb6 5. Nf3 Nc6 6. a3 cxd4 7. cxd4 Nge7 8. Nc3
Nf5 9. Na4 Qd8 10. Be2 Be7 11. O-O Bd7 12. Kh1 O-O 13. g4 Nh4 14. Nxh4 Bxh4 15.
Nc5 Bc8 16. b4 b6 17. Nb3 f5 18. gxf5 exf5 19. f4 Qe8 20. Be3 Nd8 21. Rg1 Ne6
22. a4 Bb7 23. a5 Rc8 24. Qd2 Rf7 25. axb6 axb6 26. Ra7 Rfc7 27. Rc1 Be7 28.
Rxc7 Rxc7 29. b5 g6 30. Ra1 Qc8 31. Rc1 Rxc1+ 32. Nxc1 Qa8 33. Qa2 1/2-1/2

[Event "21st World Senior Chess Championship"]
[Site "Rijeka"]
[Date "2011.11.22"]
[Round "7.31"]
[White "Srebrnic, Vojko"]
[Black "Nordby, Bernt"]
[Result "1-0"]
[WhiteElo "2261"]
[BlackElo "2144"]
[PlyCount "85"]
[EventDate "2011.11.22"]

1. f4 Nf6 2. Nf3 g6 3. g3 Bg7 4. Bg2 O-O 5. d3 c5 6. e4 d6 7. O-O Nc6 8. Nc3
Rb8 9. h3 b5 10. g4 b4 11. Ne2 e6 12. Ng3 d5 13. e5 Nd7 14. g5 Qb6 15. Be3 Ba6
16. Qe2 Rfc8 17. Rfd1 Ne7 18. Qf2 Bb7 19. Nh2 Nf5 20. Ng4 d4 21. Bd2 Nxg3 22.
Qxg3 Bxg2 23. Kxg2 c4 24. Nf2 cxd3 25. Qxd3 Qc6+ 26. Qe4 Qxe4+ 27. Nxe4 Rxc2
28. b3 Rbc8 29. Rac1 Nb6 30. Kf3 Nd5 31. Rxc2 Rxc2 32. Rc1 Rxc1 33. Bxc1 Nc3
34. a3 Nxe4 35. Kxe4 Bf8 36. a4 Bc5 37. Bb2 d3 38. Kxd3 Kf8 39. Bd4 Bxd4 40.
Kxd4 Ke7 41. Kc5 Kd7 42. Kxb4 Kc6 43. Ka5 1-0

[Event "21st World Senior Chess Championship"]
[Site "Rijeka"]
[Date "2011.11.22"]
[Round "7.32"]
[White "Kierzek, Matthias Dr"]
[Black "Dragasevic, Srdja"]
[Result "0-1"]
[WhiteElo "2152"]
[BlackElo "2256"]
[PlyCount "70"]
[EventDate "2011.11.22"]

1. d4 d5 2. c4 c6 3. Nf3 Nf6 4. Nc3 dxc4 5. a4 Na6 6. e4 Bg4 7. Bxc4 e6 8. O-O
Be7 9. Be3 O-O 10. Qb3 Bxf3 11. gxf3 Nb4 12. Kh1 a5 13. Rg1 Kh8 14. Rg2 g6 15.
f4 Kg7 16. Rag1 Rc8 17. f5 exf5 18. exf5 Qd7 19. fxg6 hxg6 20. Bxf7 Rxf7 21.
Rxg6+ Kf8 22. Bg5 Nbd5 23. Ne2 Ke8 24. Qf3 Qe6 25. Bxf6 Nxf6 26. Nc3 Kd7 27.
R1g5 Rcf8 28. Re5 Qd6 29. Qf5+ Kc7 30. Re6 Qxd4 31. Qxa5+ Kb8 32. Qe5+ Qxe5 33.
Rxe5 Bb4 34. Kg2 Bxc3 35. bxc3 Nd5 0-1

[Event "21st World Senior Chess Championship"]
[Site "Rijeka"]
[Date "2011.11.22"]
[Round "7.33"]
[White "Hammar, Bengt"]
[Black "Anguera Maestro, Jaime"]
[Result "1/2-1/2"]
[WhiteElo "2256"]
[BlackElo "2133"]
[PlyCount "34"]
[EventDate "2011.11.22"]

1. d4 d5 2. Nf3 Nf6 3. c4 e6 4. Nc3 c6 5. Bg5 Be7 6. e3 Ne4 7. Bxe7 Qxe7 8. Rc1
O-O 9. Bd3 f5 10. O-O Nd7 11. Ne5 Ndf6 12. f4 Bd7 13. Bxe4 fxe4 14. a4 Be8 15.
c5 Nd7 16. Nxd7 Bxd7 17. Qe1 e5 1/2-1/2

[Event "21st World Senior Chess Championship"]
[Site "Rijeka"]
[Date "2011.11.22"]
[Round "7.34"]
[White "Zhukov, Viktor"]
[Black "Tapper, Larry"]
[Result "1-0"]
[WhiteElo "2141"]
[BlackElo "2255"]
[PlyCount "61"]
[EventDate "2011.11.22"]

1. e4 d5 2. exd5 Nf6 3. d4 Nxd5 4. c4 Nb6 5. c5 Nd5 6. Nf3 g6 7. Nc3 Bg7 8. Bc4
c6 9. h3 O-O 10. O-O b6 11. cxb6 axb6 12. Re1 e6 13. Bg5 Nxc3 14. bxc3 Qd6 15.
Qd2 Nd7 16. Bf4 Qa3 17. Bb3 Nf6 18. Ne5 c5 19. Nc4 Qa7 20. Be5 Bd7 21. Qg5 Nd5
22. Qg3 b5 23. Bxg7 Kxg7 24. Ne5 c4 25. Bc2 f6 26. Nxg6 Rg8 27. Ne7+ Kf7 28.
Nxg8 Rxg8 29. Qh4 Nxc3 30. Qxh7+ Rg7 31. Bg6+ 1-0

[Event "21st World Senior Chess Championship"]
[Site "Rijeka"]
[Date "2011.11.22"]
[Round "7.36"]
[White "Samartsev, Alexander"]
[Black "Vrhovnik, Damir"]
[Result "1/2-1/2"]
[WhiteElo "2226"]
[BlackElo "2099"]
[PlyCount "104"]
[EventDate "2011.11.22"]

1. d4 Nf6 2. Bf4 c5 3. dxc5 g6 4. c3 Bg7 5. g3 O-O 6. Bg2 a5 7. Na3 Na6 8. Nb5
Nxc5 9. Bc7 Qe8 10. Bb6 Ne6 11. Na7 d6 12. Nxc8 Qxc8 13. Nf3 Qc6 14. Be3 Qb5
15. Rb1 a4 16. O-O Nd5 17. Bd4 Nxd4 18. Nxd4 Qc5 19. e3 Ra7 20. Qd3 Nb6 21. b3
Nd7 22. Nb5 Ne5 23. Qe2 Ra5 24. c4 axb3 25. axb3 Nc6 26. Rfc1 Rb8 27. Qd2 Nb4
28. Nc3 Qa7 29. Nd5 Nxd5 30. Bxd5 b5 31. cxb5 Raxb5 32. Bc4 Rf5 33. b4 h5 34.
Bf1 h4 35. Rc4 hxg3 36. hxg3 Rh5 37. b5 d5 38. Rcb4 Qb6 39. Bg2 Rd8 40. Rc1 d4
41. exd4 Rxb5 42. Rxb5 Qxb5 43. d5 Be5 44. Qe3 Qb2 45. Re1 Bd6 46. Re2 Qf6 47.
Bf3 Ra8 48. Rc2 Kg7 49. Kg2 Qf5 50. Be4 Qf6 51. Qc3 Be5 52. Qd2 Bd6 1/2-1/2

[Event "21st World Senior Chess Championship - w"]
[Site "Opatija"]
[Date "2011.11.22"]
[Round "7.1"]
[White "Saunina, Ludmila"]
[Black "Strutinskaya, Galina N"]
[Result "1/2-1/2"]
[WhiteElo "2274"]
[BlackElo "2277"]
[PlyCount "103"]
[EventDate "2011.11.22"]

1. c4 e5 2. g3 f5 3. Bg2 Nf6 4. Nf3 Nc6 5. O-O g6 6. b3 Bg7 7. Bb2 d6 8. d3 O-O
9. e3 h6 10. Nbd2 g5 11. Ne1 Qe8 12. Nc2 Qg6 13. f4 Bd7 14. b4 Rae8 15. b5 Nd8
16. a4 Rf7 17. d4 exf4 18. exf4 Rfe7 19. Re1 Rxe1+ 20. Nxe1 Ng4 21. Nc2 gxf4
22. gxf4 h5 23. Qf3 h4 24. Re1 Ne6 25. h3 Nf6 26. d5 Nc5 27. Rxe8+ Bxe8 28. a5
a6 29. bxa6 bxa6 30. Bd4 Ba4 31. Nb4 Nfe4 32. Qe3 Bxd4 33. Qxd4 Nxd2 34. Qxd2
Qf6 35. Nc6 Bb3 36. Qe2 Kg7 37. Kh2 Kh6 38. Ne7 Bxc4 39. Ng8+ Kg7 40. Qxc4 Kxg8
41. Qb4 Kh7 42. Qe1 Kh6 43. Bf3 Nd3 44. Qe3 Nc5 45. Qe1 Kg7 46. Qe8 Qb2+ 47.
Bg2 Qf6 48. Bf3 Nd3 49. Qe3 Nc5 50. Qe8 Qb2+ 51. Bg2 Qf6 52. Bf3 1/2-1/2

[Event "21st World Senior Chess Championship - w"]
[Site "Opatija"]
[Date "2011.11.22"]
[Round "7.3"]
[White "Bilunova, Rimma I"]
[Black "Fatalibekova, Elena"]
[Result "1/2-1/2"]
[WhiteElo "2151"]
[BlackElo "2285"]
[PlyCount "35"]
[EventDate "2011.11.22"]

1. e4 c5 2. Nf3 Nc6 3. d4 cxd4 4. Nxd4 g6 5. Nxc6 bxc6 6. Qd4 f6 7. Nc3 Bg7 8.
Bc4 Nh6 9. O-O e6 10. Qc5 Qb6 11. Qa3 a5 12. Na4 Qc7 13. g3 Nf7 14. Rd1 d6 15.
Be3 Rb8 16. Bf1 O-O 17. c4 g5 18. Rac1 1/2-1/2

[Event "21st World Senior Chess Championship - w"]
[Site "Opatija"]
[Date "2011.11.22"]
[Round "7.5"]
[White "Titorenko, Natalia I"]
[Black "Khmiadashvili, Tamar"]
[Result "0-1"]
[WhiteElo "2143"]
[BlackElo "2166"]
[PlyCount "122"]
[EventDate "2011.11.22"]

1. e4 c5 2. Nc3 Nc6 3. g3 g6 4. Bg2 Bg7 5. Nge2 e6 6. d3 d6 7. Be3 Nd4 8. O-O
Ne7 9. Qd2 O-O 10. Nd1 e5 11. c3 Nxe2+ 12. Qxe2 Qc7 13. Qd2 f5 14. c4 Be6 15.
Nc3 Qd7 16. Bg5 Nc6 17. exf5 Rxf5 18. Be4 Nd4 19. f3 Rf7 20. Be3 Nf5 21. Rf2
Raf8 22. a3 h5 23. b4 b6 24. b5 Kh7 25. a4 Nxe3 26. Qxe3 Bh6 27. Qe2 Qd8 28.
Bd5 Bxd5 29. Nxd5 h4 30. Kg2 Qg5 31. Qe4 Qh5 32. Raf1 h3+ 33. Kg1 Kg7 34. Qg4
Qf5 35. Qxf5 Rxf5 36. f4 exf4 37. Nxf4 Bxf4 38. Rxf4 Rxf4 39. Rxf4 Re8 40. Kf2
g5 41. Rf3 Re5 42. g4 d5 43. Kg3 dxc4 44. dxc4 Re4 45. Rc3 Kf6 46. Kxh3 Ke5 47.
Kg3 Kd4 48. Rc1 Re3+ 49. Kf2 Rh3 50. Rd1+ Kxc4 51. Rd7 Rxh2+ 52. Ke3 Rg2 53.
Kf3 Ra2 54. Rxa7 Kb4 55. Ra6 Rxa4 56. Rxb6 c4 57. Ke4 c3 58. Kf5 Ra5 59. Ke4
Rxb5 60. Rf6 c2 61. Rf1 Kc3 0-1

[Event "21st World Senior Chess Championship - w"]
[Site "Rijeka"]
[Date "2011.11.22"]
[Round "7.6"]
[White "Fomina, Tatyana"]
[Black "Lopatin, Olga"]
[Result "1/2-1/2"]
[WhiteElo "2215"]
[BlackElo "2091"]
[PlyCount "101"]
[EventDate "2011.11.22"]

1. e4 d6 2. Bc4 Nf6 3. Qe2 g6 4. c3 Bg7 5. d4 d5 6. exd5 Nxd5 7. Nf3 c6 8. O-O
O-O 9. Bg5 Be6 10. Nbd2 h6 11. Bxd5 cxd5 12. Bf4 Nc6 13. Ne5 Nxe5 14. dxe5 d4
15. c4 Rc8 16. Rfc1 Qd7 17. h3 Rfd8 18. g4 b6 19. Qd3 Qc7 20. Qe4 Qc6 21. b3 g5
22. Bg3 Qc5 23. f3 b5 24. Kg2 Qb4 25. Qd3 Qa3 26. Qe2 bxc4 27. bxc4 d3 28. Qe3
Qc5 29. Kf2 f5 30. gxf5 Bxf5 31. h4 Qxe3+ 32. Kxe3 Rc5 33. hxg5 hxg5 34. Nb3
Rxe5+ 35. Bxe5 Bxe5 36. Rg1 Bf4+ 37. Kf2 d2 38. Ke2 Bc2 39. Rad1 Bd3+ 40. Kf2
Bxc4 41. Rg4 Rd3 42. Nxd2 Be6 43. Rxf4 gxf4 44. Rg1+ Kf7 45. Ne4 Ra3 46. Ng5+
Kf6 47. Ne4+ Ke5 48. Rg7 Rxa2+ 49. Kg1 Ra1+ 50. Kf2 Ra2+ 51. Kg1 1/2-1/2

[Event "21st World Senior Chess Championship - w"]
[Site "Rijeka"]
[Date "2011.11.22"]
[Round "7.7"]
[White "Dotan, Valeria"]
[Black "Thipsay, Bagyashree Sathe"]
[Result "0-1"]
[WhiteElo "2083"]
[BlackElo "2152"]
[PlyCount "140"]
[EventDate "2011.11.22"]

1. d4 f5 2. g3 Nf6 3. Bg2 e6 4. Nc3 Bb4 5. Bd2 Nc6 6. Nf3 O-O 7. O-O d5 8. Bg5
h6 9. Bxf6 Qxf6 10. e3 Bd7 11. Ne2 Rad8 12. Nf4 Bc8 13. Qe2 Bd6 14. Nd3 b6 15.
Nd2 Ba6 16. a3 Ne7 17. f4 c5 18. Nf3 Rc8 19. c3 Rc7 20. Rf2 Bxd3 21. Qxd3 c4
22. Qe2 Nc6 23. Nd2 b5 24. Rff1 a5 25. h3 Rb8 26. Rfb1 b4 27. axb4 axb4 28. Ra6
Qd8 29. Rba1 Qd7 30. Qd1 Na7 31. Qa4 Qxa4 32. R1xa4 bxc3 33. bxc3 Nc8 34. Ra2
Kf7 35. Bf3 Ke7 36. Kf2 Rbb7 37. Ke2 Ra7 38. Kd1 Kd7 39. Kc2 Rxa6 40. Rxa6 Ra7
41. Rxa7+ Nxa7 42. g4 g6 43. h4 fxg4 44. Bxg4 Ke7 45. Nf3 Nc6 46. Bh3 Kf7 47.
Bg4 Ne7 48. Kd2 Kf6 49. Bh3 Nf5 50. Bxf5 Kxf5 51. Ke2 Bc7 52. Nh2 Ba5 53. Kd2
Bd8 54. Nf3 Bf6 55. Ke2 Kg4 56. Nh2+ Kh3 57. Nf3 Kg3 58. Nd2 Bxh4 59. Nf1+ Kg4
60. Nh2+ Kf5 61. Nf3 Bf6 62. Nd2 Bd8 63. Kf3 Bc7 64. Nf1 g5 65. Ng3+ Kg6 66.
Kg4 gxf4 67. exf4 Ba5 68. f5+ exf5+ 69. Nxf5 h5+ 70. Kf4 Bc7+ 0-1

[Event "21st World Senior Chess Championship - w"]
[Site "Rijeka"]
[Date "2011.11.22"]
[Round "7.8"]
[White "Bogumil, Tatiana"]
[Black "Kabanova, Irina"]
[Result "0-1"]
[WhiteElo "2115"]
[BlackElo "1959"]
[PlyCount "68"]
[EventDate "2011.11.22"]

1. Nf3 Nf6 2. c4 e6 3. b3 d5 4. Bb2 Be7 5. g3 O-O 6. Bg2 c5 7. O-O Nc6 8. d3
Qc7 9. cxd5 exd5 10. d4 cxd4 11. Nxd4 Nxd4 12. Bxd4 Be6 13. Nd2 Qd7 14. Nf3 Bh3
15. Rc1 Bxg2 16. Kxg2 Rac8 17. Qd3 a6 18. e3 h6 19. a4 Qe6 20. Rxc8 Rxc8 21.
Rd1 Ne4 22. Bb2 Bf6 23. Nd4 Qd7 24. Qb1 Ng5 25. f4 Qh3+ 26. Kg1 Bxd4 27. fxg5
Bxe3+ 28. Kh1 Qg4 29. Rf1 hxg5 30. Qd3 d4 31. b4 Qe6 32. Kg2 g4 33. h3 Qc6+ 34.
Kh2 Qc2+ 0-1

[Event "21st World Senior Chess Championship - w"]
[Site "Rijeka"]
[Date "2011.11.22"]
[Round "7.9"]
[White "Mira, Helene"]
[Black "Kierzek, Mira"]
[Result "1/2-1/2"]
[WhiteElo "2098"]
[BlackElo "2023"]
[PlyCount "96"]
[EventDate "2011.11.22"]

1. Nf3 d5 2. d4 Nf6 3. g3 g6 4. Bg2 Bg7 5. c4 c6 6. cxd5 cxd5 7. O-O O-O 8. Nc3
Nc6 9. Ne5 e6 10. f4 Qb6 11. e3 Bd7 12. b3 Qa5 13. Bd2 Qb6 14. Na4 Qd8 15. Nxd7
Nxd7 16. Rc1 Rc8 17. Qe2 b6 18. Qb5 Ndb8 19. Rc3 Ne7 20. Rfc1 Rxc3 21. Bxc3 Nf5
22. Bd2 Nd6 23. Qd3 Qd7 24. Bb4 Rc8 25. Rxc8+ Nxc8 26. Qc3 Qc6 27. Bf1 Qxc3 28.
Nxc3 Nc6 29. Ba3 Bf8 30. Bb2 Nd6 31. g4 Kg7 32. g5 Nf5 33. Kf2 h6 34. gxh6+
Nxh6 35. h3 Nf5 36. Bb5 Nb4 37. Bc1 a6 38. Bf1 b5 39. a3 Nc6 40. b4 Be7 41. Bd3
Nd6 42. Bb2 Bf6 43. Kf3 Kf8 44. Kg4 Kg7 45. Kf3 Kf8 46. Bc1 Be7 47. Nb1 Kg7 48.
Nc3 Kf8 1/2-1/2

[Event "21st World Senior Chess Championship - w"]
[Site "Rijeka"]
[Date "2011.11.22"]
[Round "7.10"]
[White "Sorokina, Tamara"]
[Black "Chernova, Natalja"]
[Result "1/2-1/2"]
[WhiteElo "2131"]
[BlackElo "2095"]
[PlyCount "36"]
[EventDate "2011.11.22"]

1. d4 e6 2. c4 Nf6 3. Nc3 Bb4 4. Qc2 c5 5. dxc5 Bxc5 6. e3 b6 7. Nf3 Bb7 8. Be2
Nc6 9. a3 a6 10. O-O Qc7 11. b4 Bd6 12. h3 Be7 13. Bb2 O-O 14. Rfe1 Rac8 15.
Rac1 d6 16. Qb3 Qb8 17. Bf1 h6 18. Nd2 Rfd8 1/2-1/2

[Event "21st World Senior Chess Championship - w"]
[Site "Rijeka"]
[Date "2011.11.22"]
[Round "7.11"]
[White "Kuznetsova, Luba"]
[Black "Shushpanova, Nina"]
[Result "1/2-1/2"]
[WhiteElo "2087"]
[BlackElo "1946"]
[PlyCount "35"]
[EventDate "2011.11.22"]

1. e4 e5 2. Nf3 Nc6 3. d4 exd4 4. Nxd4 Nf6 5. Bc4 Nxe4 6. O-O d5 7. Bb5 Bd7 8.
Re1 Be7 9. Bxc6 bxc6 10. f3 Nf6 11. Qe2 c5 12. Nb3 Be6 13. c3 O-O 14. N1d2 Re8
15. Nf1 c4 16. Nd4 Bc5 17. Be3 Bb6 18. Qd2 1/2-1/2

[Event "21st World Senior Chess Championship - w"]
[Site "Rijeka"]
[Date "2011.11.22"]
[Round "7.12"]
[White "Chireykina, Natalia"]
[Black "Komysheva, Margarita"]
[Result "0-1"]
[WhiteElo "1853"]
[BlackElo "2081"]
[PlyCount "72"]
[EventDate "2011.11.22"]

1. e4 e6 2. d3 d5 3. Nd2 Nf6 4. Ngf3 Be7 5. g3 Nc6 6. Bg2 dxe4 7. dxe4 e5 8.
O-O O-O 9. Qe2 Be6 10. c3 Nd7 11. Nc4 Qe8 12. Rd1 a6 13. Bg5 f6 14. Be3 Qf7 15.
Ncd2 Rfd8 16. Nh4 Bf8 17. b3 Ne7 18. f4 Qe8 19. f5 Bf7 20. Kh1 Nc6 21. g4 Be7
22. Rg1 Nf8 23. Nhf3 h6 24. h4 Nh7 25. Bf1 g5 26. fxg6 Bxg6 27. Bxh6 Rd7 28.
Qg2 Rad8 29. g5 fxg5 30. Nc4 Bc5 31. Bxg5 Nxg5 32. Qxg5 Bxg1 33. Ncxe5 Nxe5 34.
Nxe5 Rg7 35. Bc4+ Kh7 36. Nxg6 Qxe4+ 0-1

[Event "21st World Senior Chess Championship - w"]
[Site "Rijeka"]
[Date "2011.11.22"]
[Round "7.13"]
[White "Battsengel, Shirchin"]
[Black "Khalturina, Tatiana"]
[Result "1-0"]
[WhiteElo "2068"]
[BlackElo "1840"]
[PlyCount "45"]
[EventDate "2011.11.22"]

1. d4 g6 2. c4 Bg7 3. Nc3 c6 4. e4 d6 5. f4 Qb6 6. e5 Nh6 7. Na4 Qc7 8. Nf3 O-O
9. Be2 a6 10. O-O b5 11. Nc3 Nf5 12. Kh1 Qb6 13. Qd3 Rd8 14. Be3 Nxe3 15. Qxe3
Be6 16. Ng5 Bxc4 17. Bxc4 bxc4 18. f5 dxe5 19. fxg6 fxg6 20. Qh3 h6 21. Qe6+
Kh8 22. Qxg6 hxg5 23. Rf7 1-0

[Event "21st World Senior Chess Championship"]
[Site "Opatija"]
[Date "2011.11.23"]
[Round "8.3"]
[White "Rahkovsky, Nukhim N"]
[Black "Zhelnin, Vladimir V"]
[Result "1/2-1/2"]
[WhiteElo "2517"]
[BlackElo "2430"]
[PlyCount "68"]
[EventDate "2011.11.23"]

1. d4 d6 2. Nf3 Nf6 3. g3 g6 4. Bg2 Bg7 5. O-O O-O 6. Nc3 Nbd7 7. e4 e5 8. h3
b6 9. a4 a5 10. Re1 Bb7 11. b3 exd4 12. Nxd4 Re8 13. Bb2 Nc5 14. f3 d5 15. exd5
Nxd5 16. Rxe8+ Qxe8 17. Nxd5 Bxd5 18. Qe1 Nxb3 19. cxb3 Qxe1+ 20. Rxe1 c5 21.
Nb5 Bxb2 22. Nc7 Rd8 23. Nxd5 Rxd5 24. Bf1 Rd2 25. Bc4 Bd4+ 26. Kh1 Kf8 27. Re2
Rd1+ 28. Kg2 Rg1+ 29. Kh2 g5 30. f4 gxf4 31. gxf4 h5 32. Rg2 Rc1 33. Kg3 Bf6
34. Rd2 Rc3+ 1/2-1/2

[Event "21st World Senior Chess Championship"]
[Site "Opatija"]
[Date "2011.11.23"]
[Round "8.6"]
[White "Okhotnik, Vladimir"]
[Black "Hulak, Krunoslav"]
[Result "1/2-1/2"]
[WhiteElo "2427"]
[BlackElo "2480"]
[PlyCount "39"]
[EventDate "2011.11.23"]

1. e4 c5 2. Nf3 e6 3. c3 Nf6 4. e5 Nd5 5. d4 cxd4 6. cxd4 d6 7. Bc4 Nc6 8. O-O
Be7 9. Bd2 O-O 10. Nc3 Nxc3 11. Bxc3 dxe5 12. dxe5 Qb6 13. Qe2 Bd7 14. Bd3 Nb4
15. Bxb4 Qxb4 16. a3 Qb3 17. Bc2 Qb5 18. Bd3 Qb3 19. Bc2 Qb5 20. Bd3 1/2-1/2

[Event "21st World Senior Chess Championship"]
[Site "Opatija"]
[Date "2011.11.23"]
[Round "8.9"]
[White "Brinck-Claussen, Bjorn"]
[Black "Balashov, Yuri S"]
[Result "0-1"]
[WhiteElo "2263"]
[BlackElo "2443"]
[PlyCount "142"]
[EventDate "2011.11.23"]

1. e4 c5 2. Nf3 Nc6 3. d4 cxd4 4. Nxd4 Qb6 5. Nb3 Nf6 6. Nc3 e6 7. Bd3 a6 8.
Be3 Qc7 9. f4 d6 10. Qf3 Be7 11. O-O-O b5 12. g4 Nd7 13. g5 Nb4 14. Kb1 Nxd3
15. cxd3 b4 16. Ne2 a5 17. Rc1 Qb7 18. Bd4 O-O 19. Rhg1 e5 20. Bf2 a4 21. Nd2
exf4 22. Nxf4 Ne5 23. Qe2 a3 24. b3 Be6 25. d4 Ng6 26. Nxg6 fxg6 27. d5 Bd7 28.
Nc4 Rae8 29. Qd2 Rf3 30. Bg3 Bf8 31. Bxd6 Rxe4 32. Bxf8 Bf5 33. Ka1 Kxf8 34.
Rge1 Rd3 35. Qxd3 Rxe1 36. Rxe1 Bxd3 37. Re8+ Kxe8 38. Nd6+ Kd7 39. Nxb7 Bb5
40. Kb1 Kc7 41. Na5 Kd6 42. Nc6 Bxc6 43. dxc6 Kxc6 44. Kc2 Kd5 45. Kd3 h6 46.
h4 h5 47. Ke3 Ke5 48. Kd3 Kf4 49. Kc4 Kg4 50. Kxb4 Kxh4 51. Kxa3 Kxg5 52. b4
Kf6 53. Ka4 Ke7 54. Ka5 h4 55. b5 h3 56. b6 Kd7 57. Ka6 h2 58. b7 h1=Q 59. b8=Q
Qc6+ 60. Ka5 g5 61. Qg8 Qc5+ 62. Ka6 Qd4 63. Qf7+ Kd6 64. Qf8+ Ke6 65. Qe8+ Kf5
66. a4 g4 67. Qh5+ g5 68. Qh7+ Kf4 69. Qf7+ Ke3 70. Qe7+ Kf2 71. a5 g3 0-1

[Event "21st World Senior Chess Championship"]
[Site "Opatija"]
[Date "2011.11.23"]
[Round "8.10"]
[White "Rukavina, Josip"]
[Black "Pushkov, Nikolai"]
[Result "1/2-1/2"]
[WhiteElo "2421"]
[BlackElo "2395"]
[PlyCount "104"]
[EventDate "2011.11.23"]

1. c4 e6 2. d4 Nf6 3. Nc3 d5 4. cxd5 exd5 5. Bg5 Nbd7 6. e3 Be7 7. Qc2 c6 8.
Bd3 Nh5 9. Bxe7 Qxe7 10. Nge2 Nb6 11. O-O g6 12. Rab1 O-O 13. b4 a6 14. Na4
Nxa4 15. Qxa4 Bg4 16. Qc2 Bxe2 17. Bxe2 Nf6 18. Bd3 h5 19. Qc5 Qe6 20. a4 Rfc8
21. Rfe1 Kg7 22. Re2 h4 23. f3 Nh5 24. Qc1 Qd6 25. Qe1 Qf6 26. f4 Re8 27. Qf2
Rh8 28. Rc2 Qe7 29. Be2 Nf6 30. Bf3 Rhc8 31. Rb3 Ne8 32. Be2 Nd6 33. Bd3 Re8
34. Re2 Qf6 35. h3 Rac8 36. Rc3 Qe7 37. Qe1 Qf6 38. Qf2 Rh8 39. Rc5 Qe7 40. Qe1
Rhe8 41. b5 axb5 42. axb5 g5 43. fxg5 Qxg5 44. bxc6 Rxc6 45. Rxc6 bxc6 46. Kh2
Ne4 47. Bxe4 Rxe4 48. g3 Qxg3+ 49. Qxg3+ hxg3+ 50. Kxg3 f5 51. Rc2 Rxe3+ 52.
Kf4 Re4+ 1/2-1/2

[Event "21st World Senior Chess Championship"]
[Site "Opatija"]
[Date "2011.11.23"]
[Round "8.11"]
[White "Chernov, Evgen"]
[Black "Mishuchkov, Nikolai M"]
[Result "1/2-1/2"]
[WhiteElo "2311"]
[BlackElo "2418"]
[PlyCount "56"]
[EventDate "2011.11.23"]

1. d4 Nf6 2. c4 e6 3. Nc3 Bb4 4. e3 b6 5. Nge2 c5 6. a3 Ba5 7. Bd2 Ba6 8. Ng3
cxd4 9. exd4 Bxc3 10. Bxc3 d5 11. b3 O-O 12. Bd3 Nbd7 13. Rc1 Qc7 14. O-O Rfc8
15. Bb2 Qf4 16. Rc2 Rc7 17. Ne2 Qd6 18. Qd2 Rac8 19. Rfc1 Bb7 20. f3 Rd8 21.
Qe3 dxc4 22. bxc4 Nc5 23. dxc5 Qxd3 24. Qxd3 Rxd3 25. cxb6 axb6 26. Nd4 h6 27.
Nb5 Rcd7 28. Kf2 Bc6 1/2-1/2

[Event "21st World Senior Chess Championship"]
[Site "Opatija"]
[Date "2011.11.23"]
[Round "8.13"]
[White "Danner, Georg"]
[Black "Jadrijevic, Ante"]
[Result "1-0"]
[WhiteElo "2406"]
[BlackElo "2231"]
[PlyCount "101"]
[EventDate "2011.11.23"]

1. d4 d5 2. Nf3 Nf6 3. c4 c6 4. e3 e6 5. Nbd2 c5 6. cxd5 exd5 7. Bb5+ Bd7 8.
Bxd7+ Nbxd7 9. O-O Be7 10. b3 O-O 11. Bb2 b6 12. Rc1 Rc8 13. Qe2 Re8 14. Rfd1
Qc7 15. Ne5 Qb7 16. Nxd7 Nxd7 17. Nf3 Bf6 18. h4 Nf8 19. dxc5 Bxb2 20. c6 Rxc6
21. Rxc6 Qxc6 22. Qxb2 Ne6 23. Qe5 Rd8 24. Nd4 Qc3 25. Kh2 h6 26. Qf5 Nxd4 27.
Rxd4 Qc5 28. b4 Qe7 29. g3 Qe6 30. Qd3 f5 31. b5 Rd7 32. h5 Kh8 33. Kg2 Qf7 34.
Rf4 Qxh5 35. Rxf5 Qe8 36. Rxd5 Rxd5 37. Qxd5 Qe7 38. e4 g6 39. e5 Kg7 40. f4
Kf8 41. Qc6 Kg7 42. a4 Kf7 43. Kh2 Kg7 44. Qc8 h5 45. Kh3 g5 46. Qc3 Qe6+ 47.
Kg2 Qa2+ 48. Kf3 g4+ 49. Ke4 Qxa4+ 50. Kf5 Qxb5 51. Qc7+ 1-0